=LDR 00000nam 2200000 4500 =001 INLIS000000000021221 =005 20130612120110 =008 ***********************************Ind** =035 ##$$0010-061300000021221 =041 ##$$a Ind =082 ##$$a 2x4 =090 ##$$a 2x4, Azi f =100 ##$$a Al Aziz, Moh Saifulloh =245 ##$$a Fiqih islam lengkap, pedoman hukum ibadah umat islam dengan berbagai permasalahannya, Ust. Drs. Saifulloh Al Aziz S =260 ##$$a [s.a] $b Surabaya =300 ##$$a xii, 608 hlm, 21 cm =650 ##$$a Fiqih islam =850 ##$$a NBPNMAT